<?xml version="1.0" encoding="UTF-8"?>
<marc:record xmlns:marc="http://www.loc.gov/MARC21/slim">
   <marc:leader>00000nam a2200000 a 4500</marc:leader>
   <marc:datafield ind1="1" ind2=" " tag="100">
      <marc:subfield code="a">Hirschhausen, Eckart von</marc:subfield>
      <marc:subfield code="4">aut</marc:subfield>
      <marc:subfield code="e">Verfasser/-in</marc:subfield>
   </marc:datafield>
   <marc:datafield ind1=" " ind2=" " tag="653">
      <marc:subfield code="a">CD-Hörbuch</marc:subfield>
   </marc:datafield>
   <marc:datafield ind1="0" ind2="0" tag="245">
      <marc:subfield code="a">Wunderheiler</marc:subfield>
   </marc:datafield>
   <marc:datafield ind1="0" ind2="0" tag="245">
      <marc:subfield code="b">wie sich das Unerklärliche erklärt</marc:subfield>
   </marc:datafield>
   <marc:datafield ind1="0" ind2="0" tag="245">
      <marc:subfield code="c">Eckart von Hirschhausen</marc:subfield>
   </marc:datafield>
   <marc:datafield ind1=" " ind2="1" tag="264">
      <marc:subfield code="b">Hörverlag</marc:subfield>
      <marc:subfield code="c">2014</marc:subfield>
   </marc:datafield>
   <marc:datafield ind1="1" ind2=" " tag="520">
      <marc:subfield code="a">Eckhart von Hirschhausen kehrt mit "Wunderheiler zurück an seine Wurzeln: Medizin und Magie. Denn die Faszination der Zauber- und der Heilkunst liegen dicht beieinander. Es wird operiert, verblüfft, getanzt und viel gelacht! In seinem persönlichsten Programm verbindet er Medizin, Alternativverfahren und Humor. Wir bewundern Jesus dafür, dass er Wasser zu Wein verwandeln konnte. Sollten wir aber unseren Körper nicht ebenso bewundern, dass er in der Lage ist, aus dem ganzen Wein über Nacht wieder Wasser zu machen? Eckart von Hirschhausen entfürht Sie auf eine Reise durch Arztpraxen, Krankenhäuser und die Wunderwelt der alternativen Medizin von China bis Schüssler! - Verlagstext</marc:subfield>
   </marc:datafield>
   <marc:datafield ind1=" " ind2=" " tag="020">
      <marc:subfield code="a">9783844511130</marc:subfield>
      <marc:subfield code="9">9783844511130</marc:subfield>
   </marc:datafield>
   <marc:datafield ind1=" " ind2=" " tag="041">
      <marc:subfield code="a">ger</marc:subfield>
   </marc:datafield>
   <marc:datafield ind1="1" ind2=" " tag="521">
      <marc:subfield code="a">0</marc:subfield>
   </marc:datafield>
   <marc:datafield ind1=" " ind2=" " tag="300">
      <marc:subfield code="a">76 Min.</marc:subfield>
   </marc:datafield>
</marc:record>
